000 00410pab a2200157 454500
008 180718b2013 xxu||||| |||| 00| 0 eng d
100 _aPlumper, Thomas
245 _aHealth spending, out-of-pocket contributions, and mortality rates
260 _c2013
300 _ap.403-418.
650 _aHealth services
700 _aNeumayer, Eric
773 _aPublic Administration
908 _aN
909 _a99811
999 _c99810
_d99810